The sacred shore / (Record no. 34738)
[ view plain ]
| 000 -LEADER | |
|---|---|
| fixed length control field | 01474cam a2200469 a 4500 |
| 003 - CONTROL NUMBER IDENTIFIER | |
| control field | OCoLC |
| 005 - DATE AND TIME OF LATEST TRANSACTION | |
| control field | 20241220114433.0 |
| 008 - FIXED-LENGTH DATA ELEMENTS--GENERAL INFORMATION | |
| fixed length control field | 990818s2000 mnu 000 1 eng |
| 001 - CONTROL NUMBER | |
| control field | ocm42289661 |
| 010 ## - LIBRARY OF CONGRESS CONTROL NUMBER | |
| LC control number | 99006839 |
| 016 ## - NATIONAL BIBLIOGRAPHIC AGENCY CONTROL NUMBER | |
| Record control number | 20010114130 |
| 019 ## - | |
| -- | 43428009 |
| -- | 43916097 |
| 020 ## - INTERNATIONAL STANDARD BOOK NUMBER | |
| International Standard Book Number | 076422249X |
| 020 ## - INTERNATIONAL STANDARD BOOK NUMBER | |
| International Standard Book Number | 0764222473 (pbk.) |
| 020 ## - INTERNATIONAL STANDARD BOOK NUMBER | |
| International Standard Book Number | 0764222481 (Large print) |
| 029 1# - (OCLC) | |
| OCLC library identifier | NLC |
| System control number | 20010114130 |
| 035 ## - SYSTEM CONTROL NUMBER | |
| System control number | (Sirsi) i9780764222498 |
| 040 ## - CATALOGING SOURCE | |
| Original cataloging agency | DLC |
| Transcribing agency | DLC |
| Modifying agency | IOS |
| -- | DPL |
| -- | NLC |
| -- | BAKER |
| -- | UINTA |
| 043 ## - GEOGRAPHIC AREA CODE | |
| Geographic area code | n-cn--- |
| 049 ## - LOCAL HOLDINGS (OCLC) | |
| Holding library | UCLB |
| 050 00 - LIBRARY OF CONGRESS CALL NUMBER | |
| Classification number | PR9199.3.O38 |
| Item number | S24 2000 |
| 055 02 - CLASSIFICATION NUMBERS ASSIGNED IN CANADA | |
| Classification number | PS8579* |
| 082 00 - DEWEY DECIMAL CLASSIFICATION NUMBER | |
| Classification number | 813/.54 |
| Edition number | 21 |
| 092 ## - LOCALLY ASSIGNED DEWEY CALL NUMBER (OCLC) | |
| Classification number | OKE |
| 100 1# - MAIN ENTRY--PERSONAL NAME | |
| Personal name | Oke, Janette, |
| Dates associated with a name | 1935- |
| 9 (RLIN) | 8476 |
| 245 14 - TITLE STATEMENT | |
| Title | The sacred shore / |
| Statement of responsibility, etc | Janette Oke and T. Davis Bunn. |
| 260 ## - PUBLICATION, DISTRIBUTION, ETC. (IMPRINT) | |
| Place of publication, distribution, etc | Minneapolis : |
| Name of publisher, distributor, etc | Bethany House, |
| Date of publication, distribution, etc | c2000. |
| 300 ## - PHYSICAL DESCRIPTION | |
| Extent | 268 p. ; |
| Dimensions | 22 cm. |
| 490 1# - SERIES STATEMENT | |
| Series statement | [Song of Acadia] |
| 500 ## - GENERAL NOTE | |
| General note | Sequel to: The meeting place. |
| 651 #0 - SUBJECT ADDED ENTRY--GEOGRAPHIC NAME | |
| Geographic name | Canada |
| General subdivision | History |
| Chronological subdivision | To 1763 (New France) |
| Form subdivision | Fiction. |
| 9 (RLIN) | 6477307 |
| 650 #0 - SUBJECT ADDED ENTRY--TOPICAL TERM | |
| Topical term or geographic name as entry element | Acadians |
| Form subdivision | Fiction. |
| 9 (RLIN) | 6411893 |
| 655 #0 - INDEX TERM--GENRE/FORM | |
| Genre/form data or focus term | Historical fiction. |
| 9 (RLIN) | 6154580 |
| 655 #0 - INDEX TERM--GENRE/FORM | |
| Genre/form data or focus term | Christian fiction. |
| 9 (RLIN) | 6154581 |
| 650 #6 - SUBJECT ADDED ENTRY--TOPICAL TERM | |
| Topical term or geographic name as entry element | Acadiens |
| Form subdivision | Romans, nouvelles, etc. |
| 9 (RLIN) | 6504892 |
| 651 #6 - SUBJECT ADDED ENTRY--GEOGRAPHIC NAME | |
| Geographic name | Canada |
| General subdivision | Histoire |
| Chronological subdivision | Jusqu'?a 1763 (Nouvelle-France) |
| Form subdivision | Romans, nouvelles, etc. |
| 9 (RLIN) | 6504893 |
| 700 1# - ADDED ENTRY--PERSONAL NAME | |
| Personal name | Bunn, T. Davis, |
| Dates associated with a name | 1952- |
| 9 (RLIN) | 34317 |
| 800 1# - SERIES ADDED ENTRY--PERSONAL NAME | |
| Personal name | Oke, Janette, |
| Dates associated with a name | 1935- |
| Title of a work | Song of Acadia. |
| 9 (RLIN) | 442 |
| 942 ## - ADDED ENTRY ELEMENTS (KOHA) | |
| Koha item type | BOOK |
| 994 ## - | |
| -- | C0 |
| -- | UINTA |
| 998 ## - LOCAL CONTROL INFORMATION (RLIN) | |
| -- | a76247 |
| Withdrawn status | Lost status | Source of classification or shelving scheme | Damaged status | Not for loan | Collection code | Home library | Current library | Shelving location | Date acquired | Source of acquisition | Total Checkouts | Full call number | Barcode | Date last seen | Date checked out | Cost, replacement price | Price effective from | Koha item type |
|---|---|---|---|---|---|---|---|---|---|---|---|---|---|---|---|---|---|---|
| Dewey Decimal Classification | Fiction | Wasatch County Library | Wasatch County Library | First Floor | 11/29/2023 | Amazon | 1 | F Oke | 34301002057547 | 04/21/2025 | 04/12/2025 | 16.99 | 11/29/2023 | BOOK |
